The Illustrated Bible dictionary / (Record no. 6830)

MARC details
000 -LEADER
fixed length control field 01398cam a2200325Ia 4500
001 - CONTROL NUMBER
control field 44096
003 - CONTROL NUMBER IDENTIFIER
control field GBCCL
005 - DATE AND TIME OF LATEST TRANSACTION
control field 20241126110612.0
008 - FIXED-LENGTH DATA ELEMENTS--GENERAL INFORMATION
fixed length control field 810330r19801994enkabej bd 001 0 eng d
010 ## -
-- 79092540
020 ## - INTERNATIONAL STANDARD BOOK NUMBER
Canceled/invalid ISBN 0842375752 (Tyndale House : set)
020 ## - INTERNATIONAL STANDARD BOOK NUMBER
International Standard Book Number 0842315667 (Tyndale House : v. 1)
020 ## - INTERNATIONAL STANDARD BOOK NUMBER
International Standard Book Number 0842315675 (Tyndale House : v. 2)
020 ## - INTERNATIONAL STANDARD BOOK NUMBER
International Standard Book Number 0842315683 (Tyndale House : v. 3)
035 ## - SYSTEM CONTROL NUMBER
System control number (OCoLC)07285769
040 ## - CATALOGING SOURCE
Original cataloging agency BCT
Transcribing agency BCT
Modifying agency OCL
-- IWP
-- OCL
-- PIT
049 ## -
-- LBBQ
-- 1-3
-- LBBN
-- 1-3
-- LBBK
-- 1-3
082 1# - DEWEY DECIMAL CLASSIFICATION NUMBER
Classification number 220.3
Item number ILL
245 04 - TITLE STATEMENT
Title The Illustrated Bible dictionary /
Statement of responsibility, etc. organizing editor of The new Bible dictionary, J.D. Douglas ; revision editor, N. Hillyer.
260 ## - PUBLICATION, DISTRIBUTION, ETC.
Place of publication, distribution, etc. Leicester, England :
Name of publisher, distributor, etc. Inter-Varsity Press ;
Place of publication, distribution, etc. Wheaton, Ill. :
Name of publisher, distributor, etc. Tyndale House,
Date of publication, distribution, etc. 1980, 1994
300 ## - PHYSICAL DESCRIPTION
Extent 3 v. (xvi, 1726 p.) :
Other physical details ill. (some col.), geneal. tables, maps, plans ;
Dimensions 29 cm.
500 ## - GENERAL NOTE
General note "Based on the text of The new Bible dictionary, first published in 1962 ... New articles have been added. A large number have been completely rewritten."--Pref.
504 ## - BIBLIOGRAPHY, ETC. NOTE
Bibliography, etc. note Includes bibliographies and index.
505 0# - FORMATTED CONTENTS NOTE
Formatted contents note Pt. 1. Aaron-Golan -- Pt. 2. Goliath-Papyri -- Pt. 3. Parable-Zuzim.
630 00 - SUBJECT ADDED ENTRY--UNIFORM TITLE
Uniform title Bible
General subdivision Dictionaries.
9 (RLIN) 510
700 1# - ADDED ENTRY--PERSONAL NAME
Personal name Douglas, J. D.
Fuller form of name (James Dixon)
9 (RLIN) 1352
700 1# - ADDED ENTRY--PERSONAL NAME
Personal name Hillyer, N.
9 (RLIN) 12231
740 0# -
-- New Bible dictionary.
942 ## - ADDED ENTRY ELEMENTS (KOHA)
Source of classification or shelving scheme Dewey Decimal Classification
Koha item type Reference Books
Holdings
Withdrawn status Lost status Source of classification or shelving scheme Damaged status Not for loan Home library Current Library Shelving location Date acquired Total checkouts Full call number Barcode Date last seen Copy number Price effective from Koha item type
    Dewey Decimal Classification     GRACE BIBLE COLLEGE GRACE BIBLE COLLEGE Dictionary 2018-06-29   220.3 ILL 000909 2025-05-01 v.1 2018-06-29 Reference Books
    Dewey Decimal Classification     GRACE BIBLE COLLEGE GRACE BIBLE COLLEGE Dictionary 2018-06-29   220.3 ILL 000910 2025-05-01 v.2 2018-06-29 Reference Books
    Dewey Decimal Classification     GRACE BIBLE COLLEGE GRACE BIBLE COLLEGE Dictionary 2018-06-29   220.3 ILL 000925 2025-05-01 v.2 c.2 2018-06-29 Reference Books
    Dewey Decimal Classification     GRACE BIBLE COLLEGE GRACE BIBLE COLLEGE Dictionary 2018-06-29   220.3 ILL 000927 2025-05-01 v.3 2018-06-29 Reference Books
    Dewey Decimal Classification     GRACE BIBLE COLLEGE GRACE BIBLE COLLEGE Dictionary 2018-06-29   220.3 ILL 000928 2025-05-01 v.3 c.2 2018-06-29 Reference Books
© Grace Bible College Library 2025